[Event "Campeonato Continental Absolut"]
[Site "Cali COL"]
[Date "2007.07.17"]
[Round "8"]
[White "Ripari,M"]
[Black "Remicio Duque,J"]
[Result "1-0"]
[WhiteElo "2350"]
[BlackElo "2189"]

1.e4 c5 2.Nf3 d6 3.Bb5+ Bd7 4.Bxd7+ Nxd7 5.O-O g6 6.c3 Bg7 7.d4 cxd4 8.cxd4 Ngf6
9.Nc3 Nb6 10.Qe2 O-O 11.Bg5 Qd7 12.Rfe1 e6 13.Rad1 Rac8 14.e5 Nfd5 15.Nb5 dxe5
16.Nxe5 Bxe5 17.dxe5 Nc4 18.Nc3 Ncb6 19.Bf6 h6 20.Rd4 Kh7 21.Qd2 Rc4 22.Ree4 Nxf6
23.exf6 Qc6 24.Rh4 h5 25.Qg5 Rc5 26.Rxh5+  1-0

[Event "Synthesia Rapid Open"]
[Site "Pardubice CZE"]
[Date "2007.07.18"]
[Round "3"]
[White "Yandemirov,V"]
[Black "Grachev,B"]
[Result "0-1"]
[WhiteElo "2504"]
[BlackElo "2601"]

1.e4 c5 2.Nf3 d6 3.Bb5+ Bd7 4.Bxd7+ Nxd7 5.O-O Ngf6 6.Qe2 e6 7.c4 Be7 8.Nc3 Ne5
9.Rd1 O-O 10.d4 Nxf3+ 11.Qxf3 cxd4 12.Rxd4 Qa5 13.b3 Ng4 14.Bb2 Bf6 15.Rdd1 Ne5
16.Qe2 Nxc4 17.Qxc4 Rac8 18.Qe2 Bxc3 19.Rxd6 Qe5 20.Rd2 Bxb2 21.Rxb2 Rfd8
22.Re1 Qc3 23.b4 Rd4 24.Rb3 Qc2 25.h3 h6 26.b5 Rd2 27.Qe3 Qxa2 28.Ra3 Qb2
29.Rxa7 Rcc2 30.Rf1 Qxb5 31.g3 Rb2 32.Qf4 Rd8 33.Qc7 Qd7 34.Qc3 Qd4 35.Qa3 Qb4
36.Qxb4 Rxb4 37.Ra2 Rd3 38.Rc1 Rd7 39.Kg2 Rxe4 40.Rb2 Ra4 41.Rc8+ Kh7  0-1

[Event "33rd Open"]
[Site "Sitges ESP"]
[Date "2007.07.18"]
[Round "1"]
[White "Slimani,Ab"]
[Black "Czakon,J"]
[Result "0-1"]
[WhiteElo "1974"]
[BlackElo "2505"]

1.e4 c5 2.Nf3 d6 3.Bb5+ Nc6 4.Bxc6+ bxc6 5.d3 e5 6.Nbd2 f5 7.O-O Nf6 8.Re1 Be7
9.b3 O-O 10.h3 Qe8 11.Nf1 Kh8 12.exf5 Bxf5 13.Ng3 Bd7 14.c4 h6 15.Qe2 a5
16.d4 cxd4 17.Nxd4 Qg6 18.Qc2 Qxc2 19.Nxc2 Ne8 20.Bb2 c5 21.Ne3 Nc7 22.Rad1 Bc8
23.Ne4 Ra6 24.Nc3 Ne6 25.Ncd5 Bd8 26.Re2 Nd4 27.Bxd4 cxd4 28.Nf1 Bh4 29.g3 Bg5
30.Kg2 Bf5 31.f4 Bf6 32.g4 Bh7 33.f5 g6 34.Ng3 Bh4 35.Nc7 Ra7 36.Ne6 Rg8
37.f6 Bxf6 38.Ne4 Be7 39.Rf1 Re8 40.Nf6 Bxf6 41.Rxf6 Rae7 42.Rf8+ Rxf8 43.Nxf8 e4
44.Nxh7 d3 45.Re1 d2 46.Rd1 e3 47.Nf8 Kg7  0-1

[Event "Campeonato Continental Absolut"]
[Site "Cali COL"]
[Date "2007.07.19"]
[Round "10"]
[White "Ivanov,AV USA"]
[Black "Kudrin,S"]
[Result "1/2-1/2"]
[WhiteElo "2547"]
[BlackElo "2543"]

1.e4 c5 2.Nf3 d6 3.Bb5+ Bd7 4.Bxd7+ Qxd7 5.c4 Nf6 6.Nc3 Nc6 7.d4 cxd4 8.Nxd4 g6
9.Nde2 Bg7 10.O-O O-O 11.Bg5 a6  1/2-1/2

[Event "ch-ITA U20"]
[Site "Fiuggi ITA"]
[Date "2007.07.19"]
[Round "2"]
[White "Ronchetti,N"]
[Black "Valsecchi,A"]
[Result "1-0"]
[WhiteElo "2410"]
[BlackElo "2175"]

1.e4 c5 2.Nf3 d6 3.Bb5+ Bd7 4.Bxd7+ Qxd7 5.O-O g6 6.c3 Bg7 7.d4 e5 8.dxc5 dxc5
9.Na3 Nc6 10.Qxd7+ Kxd7 11.Rd1+ Ke7 12.Bg5+ f6 13.Be3 b6 14.b4 Nh6 15.bxc5 Ng4
16.Rd6 Rhc8 17.Rad1 Nxe3 18.Rd7+ Kf8 19.fxe3 bxc5 20.Nb5 Rab8 21.Nd6 Rd8
22.Nb7 Rxd7 23.Rxd7 Ne7 24.Nd2 Bh6 25.Nc4 Rc8 26.Nba5 Rb8 27.Nb7 Rc8 28.Nba5 Rb8
29.Nb3 a5 30.Kf2 a4 31.Nxc5 Rc8 32.Rc7 Rxc7 33.Ne6+ Kf7 34.Nxc7 Nc6 35.Ke2 Bf8
36.Kd3 Bc5 37.Na6 Ba7 38.Nb4 Nxb4+ 39.cxb4 Ke6 40.a3 f5 41.Nb2 h5 42.Nxa4 f4
43.Nc5+ Kd6 44.exf4 exf4 45.Kd4 g5 46.e5+ Kc6 47.Ke4 h4  1-0

[Event "Heart of Finland"]
[Site "Jyvaskyla FIN"]
[Date "2007.07.19"]
[Round "8"]
[White "Ristoja,J"]
[Black "Johansson,Ju"]
[Result "1-0"]
[WhiteElo "2285"]
[BlackElo "2127"]

1.e4 c5 2.Nf3 d6 3.Bb5+ Nc6 4.c3 Bd7 5.O-O a6 6.Ba4 Nf6 7.Re1 b5 8.Bc2 Bg4
9.h3 Bxf3 10.Qxf3 g6 11.a4 b4 12.a5 Qc7 13.Ba4 Rc8 14.d4 cxd4 15.cxd4 Nd7
16.Be3 Bg7 17.e5 O-O 18.Nd2 Ncb8 19.exd6 Qxd6 20.Ne4 Qd5 21.Bg5 Qxd4 22.Bxe7 Rfe8
23.Nd6 Rxe7 24.Rxe7 Ne5 25.Rxe5 Qxd6 26.Re2 h5 27.Rd1 Qf8 28.Rde1 Kh7 29.Re8 Rxe8
30.Rxe8 Qd6 31.Qxf7 Nc6 32.Re6  1-0

[Event "8th It"]
[Site "Montreal CAN"]
[Date "2007.07.19"]
[Round "1"]
[White "Tiviakov,S"]
[Black "Ivanchuk,V"]
[Result "1/2-1/2"]
[WhiteElo "2648"]
[BlackElo "2762"]

1.e4 c5 2.Nf3 d6 3.Bb5+ Nd7 4.d4 Nf6 5.O-O cxd4 6.Qxd4 a6 7.Bxd7+ Bxd7 8.c4 g6
9.Nc3 Bg7 10.Re1 O-O 11.Qd3 Be6 12.Bd2 Nd7 13.b3 b5 14.cxb5 Nc5 15.Qe2 axb5
16.Qxb5 Ra3 17.e5 Qa8 18.Rac1 Rb8 19.Qf1 Bf5 20.Re3 dxe5 21.Qc4 Nd3 22.Rxd3  1/2-1/2

[Event "29th Politiken Cup"]
[Site "Copenhagen DEN"]
[Date "2007.07.21"]
[Round "1"]
[White "Tocklin,T"]
[Black "Olsson,L"]
[Result "0-1"]
[WhiteElo "1943"]
[BlackElo "2377"]

1.e4 c5 2.Nf3 d6 3.Bb5+ Bd7 4.Bxd7+ Qxd7 5.O-O Nf6 6.Re1 Nc6 7.c3 e6 8.d4 cxd4
9.cxd4 d5 10.e5 Ne4 11.Nbd2 Nxd2 12.Bxd2 Be7 13.Bg5 O-O 14.Bxe7 Qxe7 15.Rc1 Rac8
16.Re3 h6 17.Rec3 a6 18.a3 Rcd8 19.Qd3 Rd7 20.b4 g5 21.h3 f5 22.exf6 Qxf6
23.R3c2 Rg7 24.Nh2 Qxd4 25.Qe2 Rg6 26.Qh5 Kh7 27.Nf3 Qf4 28.Qg4 Qxg4 29.hxg4 Rf4
30.Nh2 e5 31.f3 Rd6 32.Nf1 e4  0-1

[Event "Sun Pawn Open"]
[Site "Ilichevsk UKR"]
[Date "2007.07.21"]
[Round "2"]
[White "Yavorskiy,O"]
[Black "Roschupkin,V"]
[Result "1-0"]
[WhiteElo "2172"]
[BlackElo "1992"]

1.e4 c5 2.Nf3 d6 3.Bb5+ Bd7 4.Bxd7+ Nxd7 5.O-O g6 6.c3 Ngf6 7.Re1 Bg7 8.d4 cxd4
9.cxd4 O-O 10.Nc3 e5 11.dxe5 dxe5 12.b3 Rc8 13.Nd5 Re8 14.Ba3 Nc5 15.Nxf6+ Qxf6
16.Bxc5 Rxc5 17.Rc1 Bf8 18.Qd7 Rxc1 19.Rxc1 Qf4 20.Re1 Re7 21.Qd5 g5 22.Rd1 h5
23.Nd2 h4 24.Nc4 g4 25.Qd2 b5 26.Ne3 Re6 27.Qd3 a6 28.Nd5 Qg5 29.Qe3 Qxe3
30.Nxe3 g3 31.hxg3 hxg3 32.Rd5 gxf2+ 33.Kxf2 f6 34.Rd7 Rd6 35.Rxd6 Bxd6 36.Kg3 Kf7
37.Kg4 Kg6 38.Nd5 a5 39.Nc3 b4 40.Ne2 Bf8 41.Ng3 Bc5 42.Nf5 Kf7 43.Kh5 Bf8
44.Ne3 Bc5 45.Nc4 f5 46.exf5 Kf6 47.Kg4 e4 48.Kf4 e3 49.Nxe3  1-0

[Event "Czech Open GMA"]
[Site "Pardubice CZE"]
[Date "2007.07.21"]
[Round "2"]
[White "Kasparov,S"]
[Black "Varga,Cs2"]
[Result "1-0"]
[WhiteElo "2500"]
[BlackElo "2349"]

1.e4 c5 2.Nf3 d6 3.Bb5+ Bd7 4.Bxd7+ Qxd7 5.c4 Nf6 6.Nc3 g6 7.d4 cxd4 8.Nxd4 Bg7
9.f3 Qc7 10.b3 Nc6 11.Be3 Qa5 12.Rc1 Nh5 13.Ne2 O-O 14.O-O Kh8 15.Qd5 Qa6
16.Qd2 Qa5 17.Kh1 f5 18.exf5 gxf5 19.Nd5 Qd8 20.Rfd1 Be5 21.Ndf4 Qe8 22.c5 Nxf4
23.Nxf4 dxc5 24.Rxc5 Rd8 25.Qe1 Rxd1 26.Qxd1 Rf6 27.Rxe5 Nxe5 28.Bd4 Nc6
29.Bxf6+ exf6 30.g3 Qe3 31.Kg2 Kg8 32.Qd5+ Kg7 33.Qxf5 Qe5 34.Nh5+ Kf7 35.Qxh7+ Ke6
36.Nf4+ Kd6 37.Qd3+ Kc5 38.Qc4+ Kd6 39.Qe2 Qa1 40.Qe6+ Kc5 41.Qc4+ Kd6 42.Qd5+ Ke7
43.Qe6+ Kd8 44.Qe2 Nd4 45.Qd2 Ke8 46.Ne2 Nb5 47.a4 Nc7 48.Qe3+ Kf7 49.Qc3  1-0

[Event "29th Politiken Cup"]
[Site "Copenhagen DEN"]
[Date "2007.07.22"]
[Round "2"]
[White "Sihvonen,T"]
[Black "Tuominen,R"]
[Result "0-1"]
[WhiteElo "2056"]
[BlackElo "2272"]

1.e4 c5 2.Nf3 d6 3.Bb5+ Nc6 4.d4 cxd4 5.Qxd4 Bd7 6.Bxc6 Bxc6 7.c4 Nf6 8.Nc3 g6
9.Bg5 Bg7 10.O-O O-O 11.Qd3 h6 12.Bd2 Nd7 13.Nd4 Ne5 14.Nxc6 Nxd3 15.Nxd8 Rfxd8
16.Rab1 Rac8 17.b3 Bxc3 18.Bxc3 b5 19.Ba5 Rf8 20.cxb5 f5 21.exf5 Rxf5 22.a4 a6
23.Rbd1 Nf4 24.Rfe1 axb5 25.axb5 Kf7 26.Re4 Rc2 27.Be1 Ne2+ 28.Kh1 Rxb5 29.b4 d5
30.Re3 d4 31.Rf3+ Kg7 32.g3 e5 33.Ra1 Rb7 34.Kg2 e4 35.Rb3 d3 36.Kf1 Kf7
37.b5 Ke6 38.b6 Rc6 39.Ba5 Nd4 40.Rbb1 Kd5 41.Bd2 Rcxb6 42.Rxb6 Rxb6 43.Bxh6 Nf3
44.Be3 Rb2 45.h4 Nh2+ 46.Ke1 Re2+ 47.Kd1 Nf3 48.Ra5+ Kc4 49.Kc1 d2+ 50.Kc2 Re1
51.Rc5+ Kb4 52.Bxd2+ Kxc5 53.Bxe1 Nxe1+ 54.Kd2 Nf3+ 55.Ke3 Kd5 56.Kf4 Kd4
57.Kg4 Ke5  0-1

[Event "Quebec Open"]
[Site "Montreal CAN"]
[Date "2007.07.22"]
[Round "3"]
[White "Barbeau,S"]
[Black "Jiang,L"]
[Result "1/2-1/2"]
[WhiteElo "2389"]
[BlackElo "2072"]

1.e4 c5 2.Nf3 d6 3.Bb5+ Bd7 4.Bxd7+ Qxd7 5.O-O Nc6 6.c3 Nf6 7.d4 cxd4 8.cxd4 e6
9.d5 Ne5 10.Nxe5 dxe5 11.dxe6 Qxe6 12.Nc3 Qc6 13.Bg5 Be7 14.Rc1 O-O 15.Nd5 Qd6
16.Nxf6+ gxf6 17.Qxd6 Bxd6 18.Bxf6 Rfe8 19.Rfd1 Re6 20.Bg5 Kf8 21.Rd3 Be7
22.Be3 Rd6 23.Rxd6 Bxd6 24.Kf1 a6 25.Rc3 Ke7 26.Bb6 Kd7 27.Ke2 Rg8 28.g3 Rg4
29.f3 Rg6 30.Bc5 Bc7 31.Be3 h5 32.Rb3 b5 33.Rd3+ Ke6 34.Rc3 Kd7 35.Rc2 Rg8
36.Kf2 Re8 37.g4 Rh8 38.Kg2 Bd6 39.h3 Be7 40.Bb6 Bd6 41.Kg3 Rb8 42.Be3 Rh8
43.g5 Be7 44.Kh4 f6 45.g6 Bf8 46.Bb6 Be7 47.Bc5 Bxc5 48.Rxc5 Rh6 49.Rc3 Rxg6
50.Ra3 Rg2 51.Rxa6 Rxb2 52.Kxh5 Ke7 53.h4 Rg2 54.Kh6 Rg3 55.Ra3 b4 56.Rb3 Rg2
57.Rxb4 Rxa2 58.Kg6 Rh2 59.Rb7+ Ke6 60.Rb6+ Ke7 61.h5 Rg2+ 62.Kh7 Rg3 63.Rb3 f5
64.h6 fxe4 65.Rb7+ Kf6 66.fxe4 Rg4 67.Rb6+ Kf7 68.Rb4 Kf6 69.Rb6+ Kf7 70.Rb7+ Kf6
71.Rb4 Kf7  1/2-1/2

[Event "Czech Open GMA"]
[Site "Pardubice CZE"]
[Date "2007.07.22"]
[Round "3"]
[White "Boskovic,D"]
[Black "Pena,G"]
[Result "1-0"]
[WhiteElo "2473"]
[BlackElo "2003"]

1.e4 c5 2.Nf3 d6 3.Bb5+ Bd7 4.Bxd7+ Qxd7 5.O-O Nc6 6.c3 d5 7.d3 e6 8.Qe2 Rd8
9.e5 Nge7 10.Re1 h6 11.h4 Nf5 12.g4 Nfe7 13.h5 g6 14.Nh4 gxh5 15.gxh5 Bg7
16.f4 Rg8 17.Kh1 f6 18.Qh2 d4 19.c4 Nb4 20.Qe2 Qc6+ 21.Kh2 fxe5 22.a3 Na6
23.fxe5 Kd7 24.Bf4 Rdf8 25.Rf1 Qc7 26.Kh3 Nb8 27.Nd2 Nbc6 28.Rae1 b6 29.b4 cxb4
30.axb4 Nxb4 31.Ne4 Qc6 32.Qb2 a5 33.Qxd4+ Kc8 34.Re2 Bh8 35.Nd6+ Kb8 36.Ref2 Nc8
37.Qe3 Nxd6 38.exd6 e5 39.Bg3 Rxf2 40.Rxf2 Qxd6 41.d4 Qe6+ 42.Kh2 Qxc4 43.dxe5 Nd5
44.Qf3 Nc7 45.Nf5 Rf8 46.Qe3 Qe6 47.Nd6 Rxf2+ 48.Qxf2 Ka7 49.Qc2 Qd7 50.Qe4 Ne6
51.Qd5 Kb8 52.Bf2 Nf4 53.Qb3 Qc6 54.Qg8+ Ka7 55.Qf7+ Ka6 56.Qxf4 Qd5 57.Bg3 Qa2+
58.Kh3 Qe6+ 59.Qg4 Qxg4+ 60.Kxg4 a4 61.e6 Bf6 62.Bf4  1-0

[Event "11th Festival Open A"]
[Site "Senta SRB"]
[Date "2007.07.22"]
[Round "3"]
[White "Ardeleanu,A"]
[Black "Nadj Hedjesi,B"]
[Result "1/2-1/2"]
[WhiteElo "2416"]
[BlackElo "2371"]

1.e4 c5 2.Nf3 d6 3.Bb5+ Nd7 4.d4 Nf6 5.Nc3 a6 6.Bxd7+ Nxd7 7.O-O cxd4 8.Qxd4 e6
9.Be3 Qc7 10.Rfd1 Ne5 11.Nxe5 dxe5 12.Qb6 Qxb6 13.Bxb6 Bd7 14.Rd3 Be7 15.Rad1 Bc6
16.a3 Rc8 17.f3 f6 18.R3d2 Kf7 19.Na2 g5 20.Nb4 Be8 21.h3 h5 22.g4 a5 23.Nd3 a4
24.Kg2 Bb5 25.Nb4 Rh7 26.c3 Kg6 27.Kg3 Rch8 28.Kf2 hxg4 29.hxg4 Rh2+ 30.Ke3 R2h3
31.Rg1 Rc8 32.Rdg2 Bf8 33.Rd2 Be7 34.Kf2 Rch8 35.Ke3 Rh2 36.Rgd1 R8h3 37.Rxh2 Rxh2
38.Rd2 Rh3 39.Kf2 Rh2+ 40.Ke3 Rh1 41.Kf2 Rb1 42.Kg3 Bf8 43.Be3 f5 44.exf5+ exf5
45.gxf5+ Kxf5 46.Bb6 Bc4 47.Be3 Re1 48.Bb6 Bh6 49.Rd6 Bf8 50.Rd2 Rb1 51.Be3 Be7
52.Bb6 Bf6 53.Nc2 Ke6 54.Ne3 Bb3 55.Bc5 e4 56.Ng4 Be5+ 57.Nxe5 Kxe5 58.Bd4+ Kf5
59.fxe4+ Kxe4 60.Kg4 Rd1  1/2-1/2

[Event "29th Politiken Cup"]
[Site "Copenhagen DEN"]
[Date "2007.07.23"]
[Round "4"]
[White "Sihvonen,T"]
[Black "Molvig,H"]
[Result "1/2-1/2"]
[WhiteElo "2056"]
[BlackElo "2215"]

1.e4 c5 2.Nf3 d6 3.Bb5+ Nd7 4.O-O Nf6 5.e5 dxe5 6.Nxe5 a6 7.Nxd7 Bxd7 8.Bxd7+ Qxd7
9.b3 g6 10.Bb2 Bg7 11.d3 O-O 12.Qf3 Qd5 13.Qe2 Qh5 14.f3  1/2-1/2

[Event "Sun Pawn Open"]
[Site "Ilichevsk UKR"]
[Date "2007.07.23"]
[Round "4"]
[White "Yavorskiy,O"]
[Black "Rjanova,V"]
[Result "0-1"]
[WhiteElo "2172"]
[BlackElo "1976"]

1.e4 c5 2.Nf3 d6 3.Bb5+ Nd7 4.O-O g6 5.d4 cxd4 6.Qxd4 Nf6 7.e5 dxe5 8.Nxe5 Bg7
9.Rd1 a6 10.Qa4 Rb8 11.Qb3 O-O 12.Bc4 Qe8 13.Bf4 Ra8 14.Nxd7 Bxd7 15.Qxb7 Bc6
16.Qb3 e5 17.Be3 Rb8 18.Qa3 Bxg2 19.Bc5 Qc6 20.Bxf8 Bxf8 21.Qc3 Bb4 22.Qb3 Bh1
23.Bf1 Ng4 24.Qc4 Qf3 25.Qe2 Qf4  0-1

[Event "Sun Pawn Open"]
[Site "Ilichevsk UKR"]
[Date "2007.07.23"]
[Round "4"]
[White "Evtodiy,Vy"]
[Black "Pasko,A"]
[Result "0-1"]
[WhiteElo "2059"]
[BlackElo "2359"]

1.e4 c5 2.Nf3 d6 3.Bb5+ Bd7 4.Bxd7+ Qxd7 5.O-O Nf6 6.Qe2 Nc6 7.c3 e6 8.d4 cxd4
9.cxd4 d5 10.e5 Ne4 11.Nbd2 Nxd2 12.Bxd2 Be7 13.a3 a5 14.b4 a4 15.Be3 O-O
16.Ne1 f5 17.f4 Na7 18.Nd3 b6 19.Rfc1 Rfc8 20.Nb2 Rxc1+ 21.Rxc1 Nb5 22.Qd3 Kf7
23.Rc2 Bxb4 24.axb4 a3 25.Qd1 axb2 26.Rxb2 Nc3 27.Qc1 Rc8 28.Kh1 Rc4 29.Qa1 Na4
30.Rb3 Qb5 31.Qf1 Qa6 32.h3 b5 33.Qd3 Qc6 34.Bd2 Rc2 35.Qe2 g6 36.Qe3 Qc4
37.Rb1 Qa2  0-1

[Event "Czech Open GMA"]
[Site "Pardubice CZE"]
[Date "2007.07.23"]
[Round "4"]
[White "Kasparov,S"]
[Black "Cifka,S"]
[Result "1/2-1/2"]
[WhiteElo "2500"]
[BlackElo "2410"]

1.e4 c5 2.Nf3 d6 3.Bb5+ Bd7 4.Bxd7+ Qxd7 5.c4 Nf6 6.Nc3 g6 7.d4 cxd4 8.Nxd4 Bg7
9.f3 O-O 10.Be3 Rc8 11.b3 a6 12.Rc1 Nc6 13.Nde2 b5 14.Nd5 Nxd5 15.cxd5 Nb4
16.a3 Na2 17.Rc2 Nc3 18.Nxc3 Rxc3 19.Rxc3 Bxc3+ 20.Kf2 Bb2 21.a4 Rc8 22.Qe2 Ba3
23.Ra1 Bc5 24.Bxc5 Rxc5 25.axb5 Rxb5 26.Rxa6 Rxb3 27.Ra8+  1/2-1/2

[Event "Czech Open GMA"]
[Site "Pardubice CZE"]
[Date "2007.07.24"]
[Round "5"]
[White "Solic,K"]
[Black "Biriukov,O"]
[Result "0-1"]
[WhiteElo "2154"]
[BlackElo "2382"]

1.e4 c5 2.Nf3 d6 3.Bb5+ Nc6 4.O-O Bd7 5.c3 Nf6 6.Re1 a6 7.Bf1 Bg4 8.d3 e6
9.h3 Bh5 10.a3 d5 11.Nbd2 Be7 12.g4 dxe4 13.dxe4 Bg6 14.Nh4 Qc7 15.Nxg6 hxg6
16.Qe2 Nd7 17.Nf3 Bd6 18.Rd1 Bf4 19.Bg2 Rd8 20.Be3 O-O 21.Ng5 Nf6 22.Qf3 Bh2+
23.Kh1 c4 24.Bf1 b5 25.Be2 Bd6 26.Rd2 Na5 27.Bd1 Bc5 28.Rxd8 Rxd8 29.Bc2 e5
30.Bxc5 Qxc5 31.Rd1 Rxd1+ 32.Qxd1 Nb7 33.Qd2 Qd6 34.Qxd6 Nxd6 35.Kg2 Nd7
36.Kf3 Nc5 37.Ke3 f6 38.Nf3 g5 39.h4 gxh4 40.Nxh4 Kf7 41.Nf3 Nc8 42.Nd2 Nb6
43.f4 Nca4 44.fxe5 fxe5 45.Nf3 Ke6 46.g5 Nxb2 47.Nh4 N2a4 48.Kd2 Nc5 49.Nf5 Kf7
50.Nh4 Ne6 51.Nf3 Nd7 52.a4 Kg6 53.axb5 axb5 54.Nh4+ Kxg5 55.Nf5 Kf4 56.Nd6 Nc7  0-1

[Event "MTO"]
[Site "Biel SUI"]
[Date "2007.07.25"]
[Round "3"]
[White "Milliet,S"]
[Black "Kritz,L"]
[Result "0-1"]
[WhiteElo "2414"]
[BlackElo "2571"]

1.e4 c5 2.Nf3 d6 3.Bb5+ Bd7 4.Bxd7+ Nxd7 5.O-O Ngf6 6.d3 e6 7.Ng5 h6 8.Nh3 Be7
9.f4 O-O 10.c4 Nb8 11.Be3 Nc6 12.Bf2 a6 13.Nc3 Rb8 14.Qf3 Nd7 15.Ne2 Bf6
16.Rab1 Rc8 17.Kh1 b5 18.g4 g6 19.Rg1 Bg7 20.g5 h5 21.Ng3 Nd4 22.Bxd4 Bxd4
23.Rg2 Re8 24.b3 bxc4 25.dxc4 Qa5 26.Rd1 Nf8 27.Rgd2 Rb8 28.Ng1 Qa3 29.N1e2 a5
30.Nxd4 cxd4 31.Ne2 e5 32.Rf1 Rb7 33.f5 a4 34.Nc1 Ra8 35.Rdf2 axb3 36.axb3 Qb4
37.fxg6 fxg6 38.Qf6 Rg7 39.Rf3 Qb7 40.Re1 Rf7 41.Qxf7+ Qxf7 42.Rxf7 Kxf7
43.Nd3 Ra3 44.Rb1 Ne6 45.h4 Nc5 46.Nxc5 dxc5 47.Kg2 Ke7 48.Kf3 Kd7 49.Ke2 Kc7
50.Kd2 Kb6 51.Rf1 Rxb3 52.Rf6+ Ka5 53.Rxg6 Rh3 54.Re6 Rxh4 55.Rxe5 Kb4 56.Ke2 Rf4
57.Kd3 h4 58.Rf5 Rxf5 59.exf5 h3 60.g6 h2 61.g7 h1=Q 62.g8=Q Qf3+ 63.Kd2 Qf2+
64.Kd1 Kc3  0-1

[Event "ch-ITA U20"]
[Site "Fiuggi ITA"]
[Date "2007.07.25"]
[Round "8"]
[White "Ronchetti,N"]
[Black "Rombaldoni,Ax"]
[Result "1-0"]
[WhiteElo "2410"]
[BlackElo "2269"]

1.e4 c5 2.Nf3 d6 3.Bb5+ Nd7 4.d4 Nf6 5.O-O a6 6.Bxd7+ Nxd7 7.Nc3 e6 8.Bg5 Be7
9.Bxe7 Qxe7 10.dxc5 dxc5 11.e5 O-O 12.Ne4 Rd8 13.Qe2 b6 14.Rad1 Bb7 15.Rfe1 b5
16.Nd6 Nb6 17.b3 Nd5 18.Qd2 Bc6 19.c4 Nb6 20.Qe3 bxc4 21.bxc4 Nc8 22.Ne4 Nb6
23.Nd6 Nc8 24.Qxc5 Bxf3 25.gxf3 Qg5+ 26.Kh1 Nxd6 27.Rxd6 Rxd6 28.Qxd6 Qh4
29.Rd1 h5 30.Qd4 Qh3 31.Qe4 Rc8 32.Kg1 g6 33.Rc1 Rc5 34.Qa8+ Kg7 35.Qe4 Kg8
36.Qf4 Qf5 37.Qxf5 exf5 38.f4 f6 39.exf6 Kf7 40.Kf1 Kxf6 41.a4 Ke7 42.Ke2 Rc6
43.Kd2 Kd6 44.Rc3 Kc7 45.Kc2 Kb6 46.Kb3 Kc5 47.Rd3 Rb6+ 48.Kc3 Rb1 49.Rd5+ Kc6
50.Re5 Rf1 51.Kb4 Rb1+ 52.Ka5 Rb2 53.Re6+ Kc5 54.Rxg6 Rxf2 55.Rg5 Rxf4 56.Rxh5 Rxc4
57.Rxf5+ Kc6 58.Rf6+ Kb7 59.Rf7+ Kc6 60.Rf6+ Kb7 61.Rb6+ Kc7 62.Rb4 Rc6 63.h4 Rh6
64.Rd4 Kb7 65.Rc4 Rh5+ 66.Kb4 Kb6 67.Kc3 Ka5 68.Kd3 Rh6 69.Ke3 Rh7 70.Kf3 Rh8
71.Kg4 Rg8+ 72.Kf5 Rf8+ 73.Kg6 Rg8+ 74.Kf7 Rg1 75.h5 Rh1 76.Kg6 Rg1+ 77.Kf5 Rh1
78.Kg5 Rg1+ 79.Rg4 Rc1 80.h6 Rc5+ 81.Kh4 Rc7 82.Kh5 Rb7 83.Rf4 Rc7 84.Kg6 Rc6+
85.Rf6 Rc1 86.h7 Rg1+ 87.Kf7 Rh1 88.Kg7  1-0

[Event "Najdorf Mem GpA"]
[Site "Grodzisk Mazowiecki POL"]
[Date "2007.07.25"]
[Round "6"]
[White "Czarnota,D"]
[Black "Hambardzumian,Y"]
[Result "0-1"]
[WhiteElo "2243"]
[BlackElo "2402"]

1.e4 c5 2.Nf3 d6 3.Bb5+ Nc6 4.O-O Bd7 5.Re1 Nf6 6.h3 a6 7.Bf1 g6 8.c3 Bg7
9.d4 cxd4 10.cxd4 O-O 11.d5 Na7 12.a4 b5 13.a5 h6 14.Be3 e5 15.dxe6 Bxe6
16.Nc3 Nc6 17.Bb6 Qd7 18.Qd2 Rfe8 19.Rac1 Rac8 20.Nd4 Nxd4 21.Bxd4 Kh7 22.Rcd1 Rc6
23.Nxb5 Bb3 24.Na7 Rc7 25.Rc1 Rxa7 26.Qc3 Nxe4 27.Rxe4 Rxe4 28.Bxg7 Ba4 29.g3 d5
30.Bd4 Ra8 31.Bb6 Re6 32.Qd4 Bc6 33.Bg2 Rae8 34.Kh2 Qd6 35.Rxc6 Qxc6 36.Bxd5 Qd7
37.Bxe6 Qxe6 38.Bc5 Qc6 39.Bb4 Re4 40.Qa7 Qd5 41.Bc3 Re2 42.Qd4 Qxd4 43.Bxd4 Rd2
44.Be3 Rxb2 45.Kg2 Rb3 46.Kf3 Ra3  0-1

[Event "Quebec Open"]
[Site "Montreal CAN"]
[Date "2007.07.25"]
[Round "6"]
[White "Sandipan,C"]
[Black "Kovalyov,A"]
[Result "1/2-1/2"]
[WhiteElo "2563"]
[BlackElo "2510"]

1.e4 c5 2.Nf3 d6 3.Bb5+ Nd7 4.c3 Nf6 5.Qe2 a6 6.Ba4 e5 7.O-O Be7 8.d4 b5
9.Bc2 O-O 10.dxe5 dxe5 11.Rd1 Qc7 12.Nbd2 Bb7 13.Nf1 Rfe8 14.Bg5 g6 15.Rd2 c4
16.Rad1 Nc5 17.Bxf6 Bxf6 18.Ne3 Rad8 19.Nd5 Bxd5 20.Rxd5 Rxd5 21.Rxd5 Rd8
22.Qd2 Rxd5 23.Qxd5 Kg7 24.g3 Nd7 25.b4 cxb3 26.Bxb3 Nb6 27.Qd3 h6 28.h4 h5
29.Ne1 Qd7 30.Qxd7 Nxd7 31.Nd3 Be7 32.Bd5 f6 33.Nb4 Nc5 34.Kf1 Bd8 35.Ke2 Bb6
36.Bc6 Kf7 37.f3 Bc7 38.c4 bxc4 39.Bd5+ Kg7 40.Bxc4 a5 41.Nd5 Bd6 42.Ne3 Nd7
43.Be6 Nb6 44.g4 hxg4 45.fxg4 Bc5 46.Nf1 Ba3 47.Nh2 Bc1 48.Nf3 Bf4 49.Kd3 Bg3
50.Bb3 Bf4 51.Bc4 Bc1 52.Ba6 Bf4 53.Bb7 Bc1 54.Bc6 Kf7 55.h5 Bg5 56.Kc3 Kg7
57.Be8 gxh5 58.gxh5 Kh6 59.Kb3 Kg7 60.Bg6 Kh6 61.Bf7 Kg7 62.Be8 Kh6 63.Bg6 Kg7
64.Ng1 Bh4 65.Ne2 Be1 66.Nc1 Bd2 67.Nd3 Be3 68.Kc3 Bd4+ 69.Kc2 Nc8 70.Kb3 Ne7
71.Be8 f5 72.exf5  1/2-1/2

[Event "29th Politiken Cup"]
[Site "Copenhagen DEN"]
[Date "2007.07.26"]
[Round "7"]
[White "Skovgaard,Pe2"]
[Black "Johansson,Al"]
[Result "1-0"]
[WhiteElo "2251"]
[BlackElo "2028"]

1.e4 c5 2.Nf3 d6 3.Bb5+ Bd7 4.Bxd7+ Qxd7 5.O-O Nf6 6.Re1 Nc6 7.c3 e6 8.d4 cxd4
9.cxd4 d5 10.e5 Ne4 11.Nbd2 Nxd2 12.Bxd2 Be7 13.Rc1 O-O 14.Rc3 f6 15.exf6 Rxf6
16.Rce3 h6 17.Qe2 Raf8 18.Bc3 Kf7 19.b4 Bd6 20.b5 Ne7 21.Bb4 Ng6 22.Ne5+ Nxe5
23.dxe5 Bxb4 24.exf6 Bxe1 25.fxg7 Kxg7 26.Qxe1 Rf6 27.h4 d4 28.Rg3+ Kf7 29.Qe4 Rf5
30.a4 Qd5 31.Qg4 Ke7 32.Rd3 Qe5 33.Qxd4 Qxd4 34.Rxd4 e5 35.Re4 Kd6 36.f3 Kd5
37.Kf2 h5 38.g4 hxg4 39.Rxg4 a6 40.bxa6 bxa6 41.a5 Kc5 42.Rg5 Rf4 43.Rxe5+ Kd6
44.Rh5 Rf6 45.Kg3 Kc6 46.Kg4 Rd6 47.Re5 Rd4+ 48.f4 Rd1 49.h5 Rg1+ 50.Kf5 Rh1
51.Kg6 Rg1+ 52.Rg5 Rf1 53.f5 Kd6 54.h6  1-0

[Event "Open NK"]
[Site "Dieren NED"]
[Date "2007.07.26"]
[Round "3"]
[White "Suhbat,O"]
[Black "Burg,T"]
[Result "0-1"]
[WhiteElo "2027"]
[BlackElo "2301"]

1.e4 c5 2.Nf3 d6 3.Bb5+ Nd7 4.c4 Nf6 5.Nc3 g6 6.O-O Bg7 7.d3 a6 8.Ba4 O-O
9.Be3 Qa5 10.Bb3 b5 11.Qc1 b4 12.Nd5 Qd8 13.Bh6 e6 14.Bxg7 Kxg7 15.Ne3 e5
16.Nd2 Nh5 17.Nd5 Ndf6 18.Bd1 Nxd5 19.exd5 Nf4 20.Qc2 Bh3 21.g3 Bxf1 22.Nxf1 Nh5
23.Bxh5 gxh5 24.Qd2 Qf6 25.h4 Qh6 26.Qe2 f5 27.Nd2 Qg6 28.Re1 Qg4 29.Kh2 Qxe2
30.Rxe2 a5 31.Kg1 a4 32.Kh2 a3 33.b3 h6 34.Re1 Rae8 35.Kg2 Kf6 36.Re3 Re7
37.Rf3 Kg6 38.Re3 Rfe8 39.Kf3 Rf7 40.Kg2 Ree7 41.Re1 Kg7 42.Kh2 Kf8 43.Kg2 Ke8
44.Kh2 Kd7 45.Kg2 Rf8 46.Kg1 Rg7 47.Kg2 Rgf7 48.Kg1 f4 49.Re2 fxg3 50.fxg3 Ke7
51.Kg2 Rf5 52.Kg1 Rf3 53.Nxf3 Rxf3 54.d4 cxd4 55.Kg2 Rc3 56.Kf2 d3 57.Rd2 Rc2
58.Ke3 Rxd2 59.Kxd2 e4 60.Ke3 Kd7 61.Kd2 Kd8 62.Ke3 Kc7 63.Kd2 Kb6 64.Ke3 Kc5
65.Kd2 Kd4 66.Kd1 e3 67.Ke1 d2+ 68.Ke2 Ke4  0-1

[Event "Open NK"]
[Site "Dieren NED"]
[Date "2007.07.26"]
[Round "3"]
[White "Kuling,L"]
[Black "Goudriaan,E"]
[Result "1-0"]
[WhiteElo "2218"]
[BlackElo "2071"]

1.e4 c5 2.Nf3 d6 3.Bb5+ Nd7 4.d4 Nf6 5.Nc3 a6 6.Bxd7+ Nxd7 7.O-O e6 8.Bg5 Qc7
9.Re1 cxd4 10.Qxd4 Ne5 11.Na4 b5 12.Nb6 Rb8 13.Nxc8 Rxc8 14.a4 Nxf3+ 15.gxf3 Qc5
16.Qxc5 Rxc5 17.Be3 Rxc2 18.axb5 axb5 19.Ra8+ Ke7 20.Rea1 Kf6 21.Rb8 g6 22.Raa8 Kg7
23.Rxb5 Be7 24.Rxh8 Kxh8 25.Rb7 Bf6 26.Bh6 Rc8 27.b4 Kg8 28.b5 Bd4 29.b6 Ra8
30.Kf1 f5 31.Be3 Bxe3 32.fxe3 Ra1+ 33.Ke2 Rb1 34.exf5 gxf5 35.Kf2 Rb4 36.Kg3 Kf8
37.f4 Rb2 38.h3 Ke8 39.Rb8+ Kf7 40.Rb7+ Kg6 41.Rb8 e5 42.b7 Kh5 43.Rf8 Rxb7
44.fxe5 Rg7+ 45.Kf3 dxe5 46.Rxf5+ Rg5 47.Ke4 Rxf5 48.Kxf5 Kh4 49.Kxe5 Kxh3
50.Kf4 h5 51.e4 h4 52.e5 Kg2 53.e6 h3 54.e7 h2 55.e8=Q h1=Q 56.Qe2+ Kg1 57.Kg3  1-0

[Event "IMA"]
[Site "Dimitrov RUS"]
[Date "2007.07.26"]
[Round "8"]
[White "Skurygin,A"]
[Black "Paikidze,N"]
[Result "1/2-1/2"]
[WhiteElo "2319"]
[BlackElo "2230"]

1.e4 c5 2.Nf3 d6 3.Bb5+ Bd7 4.Bxd7+ Qxd7 5.O-O Nf6 6.Qe2 Nc6 7.c3 e6 8.d4 cxd4
9.cxd4 d5 10.e5 Ne4 11.Be3 Be7 12.Nbd2 Nxd2 13.Qxd2  1/2-1/2

[Event "IGM"]
[Site "Stara Pazova SRB"]
[Date "2007.07.26"]
[Round "2"]
[White "Klasan,V"]
[Black "Kovacevic,A"]
[Result "1/2-1/2"]
[WhiteElo "2260"]
[BlackElo "2566"]

1.e4 c5 2.Nf3 d6 3.Bb5+ Nd7 4.d4 cxd4 5.Qxd4 e5 6.Qd3 h6 7.Nc3 Nf6 8.Be3 Be7
9.Bc4 a6 10.a4 Qc7 11.O-O Nb6 12.Bxb6 Qxb6 13.Nd5 Nxd5 14.Bxd5 O-O 15.Nd2 Be6
16.Nc4 Qc7 17.a5 Rac8 18.b3 Bxd5 19.Qxd5 Qc6 20.Rfd1 Qxd5 21.Rxd5 f5 22.exf5 Rxf5
23.Rad1 Rc6 24.R1d2 Rf6 25.Kf1 Kf7 26.Ke2 Ke6 27.g3 Rf8 28.h4 h5 29.Ne3 Rfc8
30.c4 g6 31.Kd3 Bd8 32.Ke4 b6 33.f4 exf4 34.gxf4 Bxh4 35.f5+ Kd7 36.fxg6 Re8+
37.Kf4 Bf6 38.Rxh5 Be5+ 39.Kf3 Ke6 40.axb6 Rxb6 41.Rd3 Reb8 42.Ke4 Rxb3 43.Rxb3 Rxb3
44.Nf5 Rb4 45.Nd4+ Kf6 46.Kd5 Rb1 47.Nf3 Rd1+ 48.Kc6 Kxg6 49.Rg5+ Kf6 50.Rg2 Bf4
51.Ra2 Rd3 52.Ne1 Rd4 53.Rxa6 Rxc4+ 54.Kd5 Rc5+ 55.Ke4 Bg3 56.Nf3 Rc4+ 57.Kd3 Rg4
58.Nd2 Ke6 59.Ne4 Be5 60.Rb6 Rg1 61.Nd2 Rg3+ 62.Ke4 Rg4+ 63.Kd3 Rd4+ 64.Ke2 Bf4
65.Nf3 Re4+ 66.Kd1 Kd5 67.Ne1 Kc4 68.Rc6+ Kd5 69.Ra6 Rd4+ 70.Ke2 Rd2+ 71.Kf3 Bh6
72.Ra5+ Kc4 73.Ra4+ Kb5 74.Rh4 Bg7 75.Ke3 Ra2 76.Nd3 Ra3 77.Rh7 Bf6 78.Rc7 Ra4
79.Rc8 Bd4+ 80.Kf3 Bb6 81.Ke2 d5 82.Rc2 Re4+ 83.Kd1 Bd4 84.Re2 Rh4 85.Rc2 Rg4
86.Kd2 Bg7 87.Rc5+  1/2-1/2